[Event "It (open) \"]
[Site "masterchessopen.com Moscow (Russia)"]
[Date "2005.02.15"]
[Round "1"]
[White "L'Ami Erwin (NED)"]
[Black "Sargissian Gabriel (ARM)"]
[Result "0-1"]
[WhiteElo "2541"]
[BlackElo "2610"]

{ } 1.d4 Nf6 2.c4 e6 3.Nc3 Bb4 4.Qc2 d5 5.cxd5 exd5 6.Bg5 h6 7.Bh4 c5 8.dxc5
g5 9.Bg3 Ne4 10.e3 ( 10.Be5 O-O 11.e3 Qa5 12.Bd3 Nc6 13.Bxe4 Nxe5 14.Bxd5 Bg4
15.Nf3 Bxf3 16.Bxf3 Nxf3+ 17.gxf3 Rac8 18.h4 Rxc5 19.Kf1 Bxc3 20.bxc3 Qa6+
21.Kg2 Rfc8 22.Qe4 Rc4 23.Qf5 Rxc3 24.Rad1 R3c5 25.Rd8+ Kg7 26.Rd5 Rxd5
27.Qxd5 Rc6 28.hxg5 hxg5 29.Qe5+ Rf6 { ...1-0, Nicoara Malina 2140 - Sanz
Alonso Francisco J 2410 , Elgoibar 1993 It } ) 10...Qa5 ( 10...Nc6 11.Nf3 Qf6
12.Bb5 Nxc3 13.Bxc6+ bxc6 14.a3 g4 15.Be5 Ne4+ 16.axb4 Qf5 17.Bxh8 gxf3 18.Rg1
Qg4 19.Qd1 Ng5 20.Qd4 Ne4 21.Qe5+ Be6 22.Qf4 Qg6 23.Qxf3 f6 24.Qf4 Kf7 25.f3
Ng5 26.Kd2 Qf5 27.h4 Qxf4 28.exf4 Nh7 29.g4 { 1-0, Kasparov Garry 2800 -
Spassky Boris V 2560 , Linares 1990 It (cat.16) } ) 11.Ne2 Nc6 ( 11...Bf5
12.Be5 O-O 13.Nd4 Re8 14.Bxb8 Bg6 15.Bc7 Qxc7 16.Bd3 Bxc5 17.Bxe4 dxe4
18.O-O-O Rac8 19.Kb1 Red8 20.Nb3 Be7 21.Rxd8+ Rxd8 22.h3 Bf6 23.Ne2 Qb6 24.Rd1
Rd3 25.Nec1 Rxd1 26.Qxd1 h5 27.Ne2 Qb5 28.Ned4 Qc4 29.Qe2 Qxe2 30.Nxe2 h4
31.Kc2 { ...1/2-1/2, Bareev Evgeny 2715 - Topalov Veselin 2757 , Monte Carlo
23. 3.2004 It "Melody Amber" (blindfold) } ) 12.a3 { ? } 12...Bxc5 { N } (
12...Bf5 13.Qc1 Nxc5 14.axb4 Nd3+ 15.Kd2 Qxb4 16.Ra4 Nxc1 17.Rxb4 Nxe2 18.Rxb7
Nxg3 19.hxg3 d4 20.exd4 Nxd4 21.Nd5 Rd8 22.Bc4 O-O 23.Kc3 Ne2+ 24.Kb4 Kg7 (
24...Nd4 25.Ne7+ Kg7 26.Rxa7 Rb8+ 27.Kc5 Ne6+ 28.Kd6 Rb6+ 29.Ke5 Bh7 30.Nf5+
Bxf5 31.Kxf5 Nd4+ 32.Ke4 { ...1/2-1/2, Barsov Alexei 2471 - Vladimirov Evgeny
2627 , Pune 7. 9.2004 It (open) } ) 25.Rd1 Bg4 26.Rd2 Rfe8 27.Rxa7 Re4 28.f3
Nd4 29.Rxf7+ Kxf7 30.fxe4 Ne6 31.Rf2+ Kg7 32.Ne3 { ...1-0, Beliavsky Alexander
G 2650 - Timman Jan H 2590 , Madrid 1995 It (cat.16) } ) ( 12...Bg4 13.Qc1
Nxc5 14.axb4 Nd3+ 15.Kd2 Qxb4 16.Ra4 Qb3 17.Qb1 Rc8 18.Qa2 Qxb2+ 19.Qxb2 Nxb2
20.Ra1 O-O 21.Nd4 Nxd4 22.exd4 a6 23.Ra2 Nc4+ 24.Bxc4 Rxc4 25.Ra4 b5 26.Rxc4
dxc4 27.Nd5 Be6 28.Nf6+ Kg7 29.Be5 Kg6 30.Kc3 a5 31.d5 Bf5 32.Kd4 { ...1-0,
Ruzele Darius 2520 - Lerner Konstantin Z 2580 , Cappelle la Grande 1996 It
(open) } ) 13.Nc1 Bf5 { ?! } ( 13...Bb4 { !? } 14.Na2 Bxc3+ 15.Nxc3 Bf5 { } )
14.Bd3 Bb4 15.axb4 Qxa1 16.O-O Nxb4 17.Bb5+ Kf8 18.Qb3 Qa5 { ?! } ( 18...a5 {
!? } 19.Nxe4 { } ) 19.Nxe4 dxe4 { ?! } ( 19...Bxe4 { !? } 20.Bd6+ Kg8 { } )
20.Bd6+ Kg8 21.Qxb4 Qxb4 22.Bxb4 a6 23.Be2 Be6 24.Bc3 Rh7 25.Rd1 f5 26.Rd6 Re7
27.Bf1 Kf7 28.Ne2 Rd7 29.Rb6 Rd1 30.Rxb7+ Kg8 31.Rg7+ Kf8 32.Rc7 Rc8 33.Rxc8+
{ ?! } ( 33.Nd4 { !? } 33...Re8 34.Rc6 Kf7 35.Nxf5 { } ) 33...Bxc8 34.Ng3 { ?!
} ( 34.g4 { !? } 34...f4 35.Bb4+ Kf7 { } ) 34...Bd7 35.Be5 Bb5 36.f4 h5 37.Kf2
h4 { ?! } ( 37...gxf4 { !? } 38.Bxf4 Rd2+ 39.Kg1 Rxb2 { } ) 38.Ne2 g4 39.Bf6
Rb1 40.Bc3 Kf7 41.Be5 a5 42.Bc3 a4 43.Be5 Bd3 44.Bc3 Ke7 45.Be5 Kd7 46.Bf6 Ke6
47.Be5 Ke7 { +1.17 CAP } {#R} 0-1

[Event "It (open)"]
[Site "masterchessopen.com Evry (France)"]
[Date "2005.02.21"]
[Round "1"]
[White "Maisuradze Nino (FRA)"]
[Black "Inkiov Ventzislav (BUL)"]
[Result "0-1"]
[WhiteElo "2213"]
[BlackElo "2482"]

1.d4 Nf6 2.c4 e6 3.Nc3 Bb4 4.Qc2 d5 5.cxd5 exd5 6.Bg5 c5 7.Nf3 Nbd7 8.e3 Qa5
9.dxc5 Ne4 10.Rc1 Qxa2 11.Bf4 Nxc3 12.bxc3 Qxc2 13.Rxc2 Bxc5 14.Rd2 O-O
15.Rxd5 b6 16.Bg5 h6 17.Bh4 Ba3 18.Bb5 Nc5 19.Bc6 Rb8 20.Bg3 Bb7 21.Bxb7 Rxb7
22.Bd6 Rc8 23.O-O Bb2 24.Bxc5 Rxc5 25.Rxc5 bxc5 26.Rb1 Rb6 27.c4 a5 28.Ne5 a4
29.Nd3 a3 30.Nxb2 Rxb2 {#R} 0-1

[Event "It (open)"]
[Site "masterchessopen.com Oslo (Norway)"]
[Date "2005.03.21"]
[Round "3"]
[White "Gladyszev Oleg (RUS)"]
[Black "Sollid Stein (NOR)"]
[Result "1-0"]
[WhiteElo "2446"]
[BlackElo "2083"]

1.d4 Nf6 2.c4 e6 3.Nc3 Bb4 4.Qc2 d5 5.cxd5 exd5 6.Bg5 O-O 7.e3 c6 8.Bd3 h6
9.Bh4 Re8 10.Ne2 Nbd7 11.O-O Nf8 12.Rad1 Bg4 13.f3 Be6 14.h3 Be7 15.e4 Kh8
16.e5 N6d7 17.Bf2 c5 18.dxc5 Bxc5 19.f4 Bxf2+ 20.Rxf2 Nb6 21.Nb5 Re7 22.Ned4
Rc8 23.Qe2 a6 24.Nd6 Rcc7 25.f5 Bc8 26.f6 gxf6 27.Rxf6 Ng6 28.Nxf7+ Rxf7
29.Rxg6 Qh4 30.Nf3 Qh5 31.Rxb6 Bxh3 32.Bg6 {#r} 1-0

[Event "It (juniors)"]
[Site "masterchessopen.com Deizisau (Germany)"]
[Date "2005.03.22"]
[Round "6"]
[White "Bensdorp Marlies (NED)"]
[Black "Ragger Markus (AUT)"]
[Result "0-1"]
[WhiteElo "2199"]
[BlackElo "2433"]

1.d4 Nf6 2.c4 e6 3.Nc3 Bb4 4.Qc2 d5 5.cxd5 exd5 6.Nf3 c5 7.Bd2 Nc6 8.dxc5 O-O
9.e3 Bg4 10.a3 Bxc5 11.Be2 d4 12.Nd1 Bb6 13.exd4 Bxf3 14.Bxf3 Nxd4 15.Qa4 Qe8+
16.Qxe8 Rfxe8+ 17.Ne3 Nc2+ 18.Ke2 Nxa1 19.Rxa1 Ne4 20.Bxe4 Rxe4 21.Kf3 Ree8
22.Nf5 Rad8 23.Be3 Bxe3 24.Nxe3 Rd2 {#R} 0-1

[Event "It (open)"]
[Site "masterchessopen.com Liechtenstein"]
[Date "2005.05.01"]
[Round "3"]
[White "Hohler Peter (SUI)"]
[Black "Boegli Ulrich (SUI)"]
[Result "1-0"]
[WhiteElo "2219"]
[BlackElo "2041"]

1.d4 Nf6 2.c4 e6 3.Nc3 Bb4 4.Qc2 d5 5.cxd5 exd5 6.Bg5 Be6 7.e3 Nbd7 8.Bd3 h6
9.Bh4 Rc8 10.Ne2 g5 11.Bg3 c5 12.O-O Bxc3 13.Nxc3 a6 14.Bf5 Qe7 15.Bxe6 Qxe6
16.Rfe1 O-O 17.f3 Qb6 18.Bf2 cxd4 19.exd4 Rfe8 20.Qd2 Rxe1+ 21.Rxe1 Qc6 22.h4
Nh7 23.Rc1 Ndf6 24.Be3 Kh8 25.hxg5 hxg5 26.Bxg5 Nxg5 27.Qxg5 Nh7 28.Qf5 Qe8
29.Kf2 Qe6 30.Qxe6 fxe6 31.Ne2 Rxc1 32.Nxc1 Kg7 33.Nd3 b6 34.Ne5 Nf8 35.Ke3
Kf6 36.g4 b5 37.b4 Ke7 38.g5 Nh7 39.f4 Kd6 40.Kf3 Ke7 41.Kg4 Nf8 42.Kh5 Nh7
43.Kg6 Nf8+ 44.Kg7 Ke8 45.Kf6 {#r} 1-0

[Event "Spartakiada Russia (juniors)"]
[Site "masterchessopen.com Satka (Russia)"]
[Date "2005.07.01"]
[Round "5"]
[White "Kiselev Vitaly (RUS)"]
[Black "Rakhmanov Aleksandr (RUS)"]
[Result "0-1"]
[WhiteElo "1975"]
[BlackElo "2429"]

1.d4 Nf6 2.c4 e6 3.Nc3 Bb4 4.Qc2 d5 5.cxd5 exd5 6.Bg5 h6 7.Bxf6 Qxf6 8.e3 O-O
9.a3 Bxc3+ 10.Qxc3 c6 11.Nf3 Re8 12.Bd3 Bf5 13.Bxf5 Qxf5 14.O-O Nd7 15.b4 Nb6
16.a4 Nc4 17.b5 Rec8 18.Qb4 a5 19.bxa6 b6 20.Rfe1 Qe6 21.Rac1 Rxa6 22.e4 Qd7
23.h3 Rca8 24.Ne5 Nxe5 25.dxe5 d4 26.Qb3 c5 27.a5 Rxa5 28.Qxb6 Rb5 29.Qd6 Rd8
30.Qxd7 Rxd7 31.Re2 d3 32.Rd2 Rd4 33.f3 c4 34.Kf2 Rb4 35.Ke3 Rd7 36.Rc3 Kf8
37.Ra2 Ke7 38.f4 Rdb7 39.Kd4 Rd7+ 40.Kc5 Rb8 41.Rd2 Rc8+ 42.Kb6 Rdc7 43.g4 Kd7
44.h4 Rb8+ 45.Ka6 Rc6+ 46.Ka5 Rc5+ 47.Ka4 Rc7 {#R} 0-1

[Event "It (open)"]
[Site "masterchessopen.com Montpellier (France)"]
[Date "2005.07.06"]
[Round "4"]
[White "Gladyszev Oleg (RUS)"]
[Black "Delabaca Romuald (FRA)"]
[Result "1-0"]
[WhiteElo "2446"]
[BlackElo "2205"]

1.d4 Nf6 2.c4 e6 3.Nc3 Bb4 4.Qc2 d5 5.cxd5 exd5 6.Bg5 h6 7.Bh4 c5 8.dxc5 g5
9.Bg3 Ne4 10.e3 Qa5 11.Ne2 Nc6 12.a3 Bxc5 13.O-O-O Nxg3 14.hxg3 Be6 15.Kb1 Bb6
16.Nd4 Nxd4 17.exd4 Rc8 18.Bd3 Kf8 19.Bf5 Kg7 20.Bxe6 fxe6 21.Qe2 Kf7 22.f4
Rxc3 23.bxc3 Qxc3 24.fxg5 Qb3+ 25.Qb2 Qxg3 26.gxh6 Qg6+ 27.Qc2 Rxh6 28.Rxh6
Qxh6 29.Rf1+ Ke7 30.Qb2 Qg7 31.Rd1 Qg4 32.Rd2 Qf4 33.Ka2 Qe4 34.Qb4+ Kd7 35.a4
Kc6 36.a5 Bc7 37.Rb2 b6 38.Qa4+ Kd6 39.Rc2 Bd8 40.Qc6+ Ke7 41.Qb7+ Kf6 42.Rf2+
Kg5 43.Qg7+ {#r} 1-0

[Event "It \"]
[Site "masterchessopen.com Sydney (Australia)"]
[Date "2005.07.06"]
[Round "5"]
[White "Rej Tomek (AUS)"]
[Black "Zhao Zong-Yuan (AUS)"]
[Result "0-1"]
[WhiteElo "2264"]
[BlackElo "2461"]

1.d4 Nf6 2.c4 e6 3.Nc3 Bb4 4.Qc2 d5 5.cxd5 exd5 6.Bg5 h6 7.Bh4 c5 8.O-O-O g5
9.Bg3 Bxc3 10.Qxc3 Ne4 11.Qb3 Nc6 12.dxc5 Be6 13.Kb1 Qa5 14.Nf3 d4 15.Qa3 Nc3+
16.Kc1 Nxa2+ 17.Kc2 Bf5+ 18.Kb3 Qb5+ {#R} 0-1

[Event "It (open)"]
[Site "masterchessopen.com Dortmund (Germany)"]
[Date "2005.07.09"]
[Round "2"]
[White "Eismont Igor (GER)"]
[Black "Reichelt Manfred (GER)"]
[Result "1-0"]
[WhiteElo "2309"]
[BlackElo "2068"]

1.d4 Nf6 2.c4 e6 3.Nc3 Bb4 4.Qc2 d5 5.cxd5 exd5 6.Bg5 h6 7.Bh4 O-O 8.e3 c5
9.Nf3 Nc6 10.Be2 cxd4 11.Nxd4 Nxd4 12.exd4 Qb6 13.Rd1 Ne4 14.O-O Bxc3 15.bxc3
Bf5 16.Bd3 Rfc8 17.Bxe4 Bxe4 18.Qd2 Qa5 19.f3 Bf5 20.Rfe1 Qxc3 21.Re8+ {#r}
1-0

[Event "It (open)"]
[Site "masterchessopen.com Oberwart (Austria)"]
[Date "2005.07.13"]
[Round "5"]
[White "Kilgus Georg (AUT)"]
[Black "Doskocil Klaus (AUT)"]
[Result "1-0"]
[WhiteElo "2339"]
[BlackElo "2196"]

1.d4 Nf6 2.c4 e6 3.Nc3 Bb4 4.Qc2 d5 5.cxd5 exd5 6.Bg5 O-O 7.e3 h6 8.Bh4 c6
9.Bd3 Re8 10.Ne2 b6 11.O-O Be7 12.a3 Ba6 13.Bxa6 Nxa6 14.b4 Qd7 15.Rfd1 Nc7
16.Rab1 Nb5 17.Qb3 Nxc3 18.Nxc3 Ng4 19.Bxe7 Qxe7 20.Qc2 Qd6 21.g3 Re6 22.Qf5
Nf6 23.a4 Rc8 24.Rdc1 Qd7 25.Ne2 g6 26.Qh3 Ne4 27.Nf4 Rd6 28.Qxd7 Rxd7 29.Rc2
Rdc7 30.Rbc1 Nf6 31.Nd3 Nd7 32.b5 c5 33.Nb4 cxb4 34.Rxc7 Rxc7 35.Rxc7 Nc5
36.dxc5 b3 37.cxb6 b2 38.b7 b1=Q+ 39.Kg2 Qe4+ 40.Kf1 Qd3+ 41.Ke1 d4 42.b8=Q+
Kg7 43.Rxf7+ Kxf7 44.Qxa7+ Ke6 45.Qxd4 Qb1+ 46.Ke2 Qc2+ 47.Kf3 {#r} 1-0

[Event "Memorial Karl Mala (open)"]
[Site "masterchessopen.com Frankfurt (Germany)"]
[Date "2005.07.29"]
[Round "2"]
[White "Malek Daniel (GER)"]
[Black "Poetsch Gero Dr (GER)"]
[Result "1-0"]
[WhiteElo "2322"]
[BlackElo "1996"]

1.d4 e6 2.c4 Nf6 3.Nc3 Bb4 4.Qc2 d5 5.cxd5 exd5 6.Bg5 h6 7.Bxf6 Qxf6 8.a3
Bxc3+ 9.Qxc3 O-O 10.e3 c6 11.b4 b6 12.Nf3 Nd7 13.Be2 Bb7 14.O-O Rae8 15.a4 Qd6
16.Rfc1 f5 17.g3 Rc8 18.a5 c5 19.bxc5 bxc5 20.Bb5 cxd4 21.Qxd4 Nc5 22.Qb4 Kh7
23.Nd4 Ne4 24.Qxd6 Nxd6 25.Rxc8 Rxc8 26.Bd7 Rf8 27.a6 Bc8 28.Bc6 g5 29.Bxd5 f4
30.Nc6 fxe3 31.fxe3 Nb5 32.Bc4 Nc7 33.Nxa7 {#r} 1-0

[Event "It (cat.2) (a)"]
[Site "masterchessopen.com Budapest (Hungary)"]
[Date "2005.09.03"]
[Round "1"]
[White "Woodward Timothy DM (ENG)"]
[Black "Fodor Tamas (HUN)"]
[Result "1-0"]
[WhiteElo "2334"]
[BlackElo "2178"]

1.d4 Nf6 2.c4 e6 3.Nc3 Bb4 4.Qc2 d5 5.cxd5 exd5 6.Bg5 h6 7.Bxf6 Qxf6 8.a3
Bxc3+ 9.Qxc3 O-O 10.e3 Bf5 11.Ne2 Nd7 12.Ng3 Rac8 13.Nxf5 Qxf5 14.b4 Qg4 15.h3
Qg6 16.Qd3 f5 17.g3 Qe6 18.Be2 c6 19.O-O Nf6 20.Kh2 Ne4 21.Bf3 a6 22.a4 Qd6
23.Rab1 Rf6 24.b5 cxb5 25.axb5 Rc3 26.Qe2 Qc7 27.bxa6 bxa6 28.Qa2 Rc4 29.Rb2
Kh7 30.Be2 Rc3 31.Qxd5 Rxe3 32.Bc4 Rf3 33.Qg8+ Kg6 34.Qe8+ Kg5 35.h4+ Kg4
36.Be2 Qc3 37.Qb8 f4 38.Qb3 Qxb3 39.Rxb3 Nd2 40.Rxf3 Nxf3+ 41.Kg2 fxg3 42.fxg3
{#r} 1-0

[Event "Ch Asia"]
[Site "masterchessopen.com Hyderabad (India)"]
[Date "2005.10.15"]
[Round "9"]
[White "Zhao Jun (CHN)"]
[Black "Nguyen Anh Dung (VIE)"]
[Result "1-0"]
[WhiteElo "2500"]
[BlackElo "2551"]

{ Nguyen Anh Dung (VIE) +0 =1 -0 } 1.d4 Nf6 2.c4 e6 3.Nc3 Bb4 4.Qc2 d5 5.cxd5
exd5 6.Bg5 h6 7.Bxf6 { ? } ( 7.Bh4 c5 8.dxc5 g5 9.Bg3 Ne4 10.e3 Qa5 11.Ne2 Bf5
12.Be5 O-O 13.Nd4 Bg6 14.Nb3 Nxc3 15.Bxc3 Bxc2 16.Nxa5 Bxc3+ 17.bxc3 b6 18.Kd2
bxa5 19.Kxc2 Rc8 20.h4 Nd7 21.hxg5 Nxc5 22.gxh6 Ne4 23.c4 Nxf2 24.Rh4 f5
25.Rd4 dxc4 26.Bxc4+ Kh7 { ...1-0, Kasparov Garry 2805 - Short Nigel D 2655 ,
London 1993 Ch World (match) (PCA) } ) 7...Qxf6 8.e3 O-O { =/? } ( 8...c5
9.dxc5 Bxc3+ 10.Qxc3 Qxc3+ 11.bxc3 O-O 12.Rd1 Be6 13.Rb1 Nd7 14.Rxb7 Nxc5
15.Rc7 Rfc8 16.Rxc8+ Rxc8 17.f3 Na4 18.Ne2 Nxc3 19.Kd2 Nxa2 20.Nd4 Rc1 21.Nb3
Rc3 22.Nd4 Ra3 23.Bd3 Nb4 24.Bb1 Kf8 25.Rc1 Ke7 26.Rc7+ Kf6 27.Rb7 a5 28.g4 {
...0-1, Flear Christine 2175 - Ward Christopher 2490 , Isle of Man 1994 It
(open) } ) 9.a3 ( 9.Nf3 c6 10.Be2 Re8 11.O-O Bf5 12.Qb3 a5 13.a3 Bd6 14.Qxb7
Nd7 15.Qb3 Reb8 16.Qa2 h5 17.Nd2 Bc7 18.Rfc1 Ra7 19.Na4 h4 20.Rc3 Re8 21.Rac1
Re6 22.Qb3 Bxh2+ 23.Kxh2 h3 24.Bf3 hxg2 25.Kxg2 Be4 26.Bxe4 dxe4 27.Rh1 Qf5
28.Kf1 Rf6 { ...1-0, Budnikov Alexandar 2540 - Morawietz Dieter 2397 , Cologne
1992 It (open) "Porz" } ) 9...Bf5 ( 9...Bxc3+ 10.Qxc3 c6 11.Nf3 Re8 12.Rc1 Nd7
13.Bd3 Nb6 14.O-O Bf5 15.Bxf5 Qxf5 16.Qb4 Qc8 17.a4 Nd7 18.Rc2 a5 19.Qa3 Nb6
20.Nd2 Re6 21.Qb3 Ra6 22.Re1 Rg6 23.e4 Qe6 24.g3 dxe4 25.Rxe4 Qxb3 26.Re8+ Kh7
27.Nxb3 Nxa4 28.Re7 Rg5 29.Nd2 { ...1/2-1/2, Bu Xiangzhi 2615 - Aronian Levon
2675 , Internet 22.12.2004 Memorial T.Petrosian (internet) } ) 10.Bd3 Bxc3+ {
-0.04 CAP } ( 10...Bxd3 11.Qxd3 Bxc3+ 12.Qxc3 Qg6 13.Kf1 Nd7 14.Ne2 Qa6 15.Rd1
Rac8 16.Qd3 Qb6 17.Nc3 Qe6 18.f3 c5 19.Kf2 c4 20.Qc2 f5 21.Rhe1 Nf6 22.Kg1
Rfe8 23.Re2 a6 24.a4 b6 25.Rde1 Qd7 26.Rd1 b5 27.axb5 axb5 28.b4 Re7 29.Ra1
Rce8 30.Qd2 { ...1-0, Botsari Anna-Maria 2297 - Kosintseva Nadezhda 2490 ,
Goteborg 1. 8.2005 Ch Europe (team) (w) } ) 11.bxc3 { N } ( 11.Qxc3 Bxd3
12.Qxd3 Nd7 ( 12...Qg5 13.g3 Nd7 14.Nh3 Qg4 15.Nf4 Nf6 16.Qe2 Qf5 17.Rc1 c6
18.Qc2 Qd7 19.O-O Rfe8 20.Nd3 Re7 21.b4 Rae8 22.a4 h5 23.Qe2 Qf5 24.b5 cxb5
25.axb5 h4 26.Ne5 Nd7 27.g4 Qe6 28.Nxd7 Qxd7 29.h3 Re4 30.Qf3 Qxb5 { ...0-1,
O'Kelly de Galway Alberic 2460 - Szabo Laszlo 2092 , Amsterdam 1954 Olympiad }
) 13.Nf3 c5 14.Qb5 Qc6 15.Qxc6 bxc6 16.dxc5 Nxc5 17.b4 Ne6 18.Rc1 a5 19.Ne5
axb4 20.axb4 Rfc8 21.O-O c5 22.bxc5 Rxc5 23.Rxc5 Nxc5 24.Nc6 Kf8 25.Nb4 Rd8
26.Rd1 Ne4 27.Rxd5 Rb8 28.Rd4 Nc5 29.g3 Ne6 30.Rc4 g6 { ...1/2-1/2, Swol
Michal 2248 - Krogius Nikolai V 2485 , Cappelle la Grande 1995 It (open) } )
11...Qg6 { ? } ( 11...Bxd3 { !? } 12.Qxd3 Qg5 13.g3 Nd7 { } ) 12.Bxf5 Qxg2
13.f3 Qxh1 14.O-O-O g6 { ?! } ( 14...Nc6 15.Qf2 Na5 16.Bc2 Nc4 { } ) 15.Bh3 {
?! } ( 15.Bg4 h5 16.Be6 Kg7 17.Bxd5 { } ) 15...Nc6 16.Qf2 Na5 17.Rf1 Nc4 { ?!
} ( 17...Rfe8 18.Ne2 Qxf1+ 19.Bxf1 Nc4 { } ) 18.Ne2 Qxf1+ 19.Bxf1 Rae8 20.e4
dxe4 21.fxe4 Rxe4 22.Ng3 Re3 23.Kc2 Nxa3+ 24.Kb2 Rfe8 25.Qd2 h5 26.Kxa3 h4
27.Bb5 c6 28.Nf1 Rf3 29.Bd3 a5 30.Ka4 b6 31.c4 Rd8 32.Be2 Rf6 33.Ne3 Rf4
34.Nd5 Rf2 35.Qd3 { ?? } ( 35.Ne7+ Kg7 36.Qe3 Rf6 37.Qe5 { } ) 35...Rxh2 { ??
} ( 35...cxd5 36.Qe3 Rxh2 37.Qe7 Rf8 { } ) 36.Ne7+ Kf8 37.Nxg6+ { } {#r} 1-0

[Event "Ch France (team) (nat.2) 2005/06"]
[Site "masterchessopen.com France"]
[Date "2005.10.16"]
[Round "1"]
[White "Valuet Bertrand (FRA)"]
[Black "Fantin Ludwig (FRA)"]
[Result "1-0"]
[WhiteElo "2296"]
[BlackElo "2292"]

1.d4 Nf6 2.c4 e6 3.Nc3 Bb4 4.Qc2 d5 5.cxd5 exd5 6.Bg5 c5 7.dxc5 h6 8.Bh4 g5
9.Bg3 Ne4 10.Bxb8 Bxc3+ 11.bxc3 Rxb8 12.Qa4+ Bd7 13.Qd4 O-O 14.f3 Nf6 15.e3
Qe7 16.Bd3 Rfe8 17.Kf2 Rbc8 18.Rb1 Qxc5 19.Rxb7 Qxc3 20.Ne2 Qxd4 21.Nxd4 Rc3
22.Rb3 Rec8 23.Ke2 a5 24.Kd2 R3c5 25.Rhb1 a4 26.Rb6 Kg7 27.Rd6 R8c7 28.Rbb6
Ng8 29.Nc2 Be6 30.f4 Ne7 31.Ra6 Rc3 32.Nd4 Ra3 33.Rxe6 Rxa2+ 34.Kd1 Rc3
35.Rxe7 Rxd3+ 36.Ke1 Rc3 37.Nf5+ Kg8 38.Nxh6+ Kh8 39.Nxf7+ Kg8 40.Nh6+ {#r}
1-0

[Event "Ch England (team) 2005/06"]
[Site "masterchessopen.com England"]
[Date "2005.10.23"]
[Round "2"]
[White "Anderton David W (ENG)"]
[Black "Taylor Peter (ENG)"]
[Result "1-0"]
[WhiteElo "2267"]
[BlackElo "2241"]

1.d4 Nf6 2.c4 e6 3.Nc3 Bb4 4.Qc2 d5 5.cxd5 exd5 6.Bg5 c5 7.dxc5 h6 8.Bh4 g5
9.Bg3 Ne4 10.e3 Qa5 11.Ne2 Bf5 12.Be5 O-O 13.Nd4 Re8 14.Bxb8 Bg6 15.Bd3 Raxb8
16.O-O Qxc5 17.f3 Nxc3 18.Bxg6 Rxe3 19.Bxf7+ Kxf7 20.Qh7+ Ke8 21.bxc3 Bxc3
22.Qg8+ Kd7 23.Qxb8 Bxa1 24.Qxb7+ Ke8 25.Qb5+ Qxb5 26.Nxb5 Be5 27.Kf2 d4
28.Rd1 a6 29.Nxd4 Bxd4 30.Rxd4 Ra3 31.Rd6 Rxa2+ 32.Kg3 Kf7 33.Rxh6 a5 34.h4
gxh4+ 35.Rxh4 a4 36.Rb4 a3 37.Ra4 Kf6 38.Ra5 Kg6 39.Kh3 Ra1 40.Kg4 Kf6 41.f4
{#r} 1-0

[Event "It (open)"]
[Site "masterchessopen.com Le Touquet (France)"]
[Date "2005.10.27"]
[Round "6"]
[White "Bosch Joachim (FRA)"]
[Black "Giffard Nicolas (FRA)"]
[Result "0-1"]
[WhiteElo "2060"]
[BlackElo "2324"]

1.d4 Nf6 2.c4 e6 3.Nc3 Bb4 4.Qc2 d5 5.cxd5 exd5 6.Bg5 Qd6 7.e3 Ne4 8.Bf4 Qg6
9.a3 Bxc3+ 10.bxc3 Nd6 11.Qxg6 hxg6 12.Bxd6 cxd6 13.c4 dxc4 14.Bxc4 Nd7 15.e4
Nb6 16.Bb3 Rh5 17.Ne2 Rb5 18.Ba2 Rb2 19.Nc3 Bd7 20.O-O Rc8 21.Rfc1 Na4 22.Nxa4
Rxc1+ 23.Rxc1 Rxa2 24.Nc3 Rxa3 25.Kf1 Rb3 26.Rc2 Rb4 27.d5 a5 28.Ke2 a4 29.Kd3
Rb3 30.Ra2 b5 31.Kc2 Rb4 32.Rb2 Rxb2+ 33.Kxb2 b4 {#R} 0-1

[Event "Tournament"]
[Site "masterchessopen.com Internet"]
[Date "2005.11.06"]
[Round "5"]
[White "Grigorov Grigor (BUL)"]
[Black "Cao Sang (HUN)"]
[Result "1-0"]
[WhiteElo "2402"]
[BlackElo "2538"]

1.d4 Nf6 2.c4 e6 3.Nc3 Bb4 4.Qc2 d5 5.cxd5 exd5 6.Bg5 O-O 7.e3 c6 8.Bd3 h6
9.Bh4 Nbd7 10.Ne2 Re8 11.O-O a5 12.a3 Be7 13.Bg3 Nf8 14.f3 Ne6 15.Bf2 Ng5
16.h3 Bd6 17.e4 Nxh3+ 18.gxh3 Bxh3 19.e5 Nh5 20.f4 Bxf1 21.Rxf1 Bf8 22.Kg2 g6
23.Rh1 b5 24.Kf1 b4 25.Nd1 c5 26.dxc5 Rc8 27.f5 Rxe5 28.Bd4 Bg7 29.Bxe5 Bxe5
30.fxg6 fxg6 31.Bxg6 Qf6+ 32.Ke1 Ng3 33.Rg1 Qh4 34.Nf2 Rf8 35.c6 b3 36.Qxb3
Rxf2 37.Qxd5+ Kf8 38.Qc5+ Kg8 39.Qxf2 Qc4 40.Bf7+ Qxf7 41.Qxf7+ Kxf7 42.Nxg3
{#r} 1-0

[Event "It (open)"]
[Site "masterchessopen.com Groningen (Netherlands)"]
[Round "2"]
[White "Struik Tjapko (NED)"]
[Black "Belle Erika (NED)"]
[Result "1-0"]
[WhiteElo "2223"]
[BlackElo "2014"]

1.d4 Nf6 2.c4 e6 3.Nc3 Bb4 4.Qc2 d5 5.cxd5 exd5 6.Bg5 c6 7.e3 Nbd7 8.Bd3 h6
9.Bh4 Nb6 10.a3 Be7 11.Nf3 Be6 12.O-O O-O 13.b4 a5 14.b5 Rc8 15.bxc6 Rxc6
16.Ne5 Rc8 17.Qb2 Nfd7 18.Nxd7 Qxd7 19.Bxe7 Qxe7 20.Rfc1 Rc6 21.Qb5 Rfc8
22.Ne2 a4 23.Qb2 Nc4 24.Bxc4 Rxc4 25.Rxc4 Rxc4 26.Rc1 Qc7 27.Rxc4 Qxc4 28.Nc3
Qb3 29.Qxb3 axb3 30.Nd1 Bd7 31.Kf1 Bb5+ 32.Ke1 Bc4 33.Kd2 b5 34.Kc3 Kf8 35.Nb2
Ke7 36.Nd3 {#r} 1-0

[Event "It (cat.10)"]
[Site "masterchessopen.com Budapest (Hungary)"]
[Date "2005.12.10"]
[Round "6"]
[White "Hoang Thanh Trang (HUN)"]
[Black "Berczes David (HUN)"]
[Result "1-0"]
[WhiteElo "2471"]
[BlackElo "2475"]

1.d4 Nf6 2.c4 e6 3.Nc3 Bb4 4.Qc2 d5 5.cxd5 exd5 6.Bg5 c5 7.Nf3 Nc6 8.dxc5 h6
9.Bxf6 Qxf6 10.e3 Be6 11.Bb5 Rc8 12.O-O O-O 13.Na4 Bg4 14.Be2 Ne7 15.a3 Bxc5
16.Nxc5 Bf5 17.Qb3 Rxc5 18.Qxb7 Nc6 19.Rac1 Rb8 20.Qxb8+ Nxb8 21.Rxc5 Qxb2
22.Nd4 Bd7 23.Rxd5 Qxa3 24.Rb1 Qf8 25.Rxb8 Qxb8 26.Rxd7 Qb1+ 27.Bf1 a5 28.Ra7
Qb6 29.Ra6 Qc7 30.Nb3 h5 31.Rxa5 g6 32.Ra8+ Kg7 33.Nd4 Qb7 34.Ra5 Qc7 35.Rb5
Qb7 36.h4 Qe7 37.Rxh5 {#r} 1-0

[Event "It (cat.10)"]
[Site "masterchessopen.com Budapest (Hungary)"]
[Date "2005.12.12"]
[Round "8"]
[White "Hoang Thanh Trang (HUN)"]
[Black "Porat Shi (ISR)"]
[Result "1-0"]
[WhiteElo "2471"]
[BlackElo "2444"]

1.d4 Nf6 2.c4 e6 3.Nc3 Bb4 4.Qc2 d5 5.cxd5 exd5 6.Bg5 h6 7.Bh4 c5 8.dxc5 g5
9.Bg3 Ne4 10.e3 Qa5 11.Ne2 Bf5 12.Be5 O-O 13.Nd4 Nxc3 14.Nxf5 Ne4+ 15.Kd1 Qxc5
16.f3 Nc6 17.Qxc5 Bxc5 18.Bg3 Nxg3 19.hxg3 Ne7 20.Nxe7+ Bxe7 21.Rxh6 Kg7
22.Rh5 Rh8 23.g4 Rxh5 24.gxh5 Bc5 25.Rc1 b6 26.Bb5 Bxe3 27.Rc7 Bf4 28.Rd7 Rc8
29.Bd3 Rc1+ 30.Ke2 a5 31.h6+ Kxh6 32.Rxf7 Rc7 33.Rf6+ Kh5 34.g4+ Kh4 35.Kf2
{#r} 1-0

[Event "It (open)"]
[Site "masterchessopen.com Nikea (Greece)"]
[Round "1"]
[White "Kalesis Nikolaos (GRE)"]
[Black "Stratigopoulos Sotirios"]
[Result "1-0"]
[WhiteElo "2447"]
[BlackElo "1500"]

1.d4 Nf6 2.c4 e6 3.Nc3 Bb4 4.Qc2 d5 5.cxd5 exd5 6.Bg5 O-O 7.e3 c6 8.Bd3 h6
9.Bh4 Re8 10.Ne2 Nbd7 11.h3 Qc7 12.O-O-O Bxc3 13.Nxc3 b5 14.Nxb5 Qb6 15.Nd6
Re6 16.Nxc8 Rxc8 17.Bf5 Ree8 18.Bxf6 gxf6 19.Bxd7 {#r} 1-0

[Event "Ch France (team) (nat.2) 2005/06"]
[Site "masterchessopen.com France"]
[Date "2006.01.14"]
[Round "5"]
[White "Gerard Nicolas (FRA)"]
[Black "Fantin Ludwig (FRA)"]
[Result "0-1"]
[WhiteElo "2333"]
[BlackElo "2248"]

1.d4 Nf6 2.c4 e6 3.Nc3 Bb4 4.Qc2 d5 5.cxd5 exd5 6.Bg5 c5 7.dxc5 h6 8.Bh4 Nc6
9.e3 g5 10.Bg3 Ne4 11.Nf3 Qf6 12.Bb5 Nxc3 13.Bxc6+ bxc6 14.Be5 Ne4+ 15.Kd1 Qg6
16.Bxh8 Bf5 17.Qa4 a5 18.Ne5 Qh5+ 19.f3 Rc8 20.Ke2 Nxc5 21.Qd1 {#R} 0-1

[Event "It (open)"]
[Site "masterchessopen.com Teheran (Iran)"]
[Date "2006.01.29"]
[Round "7"]
[White "Nasri Amin (IRI)"]
[Black "Babujian Levon (ARM)"]
[Result "0-1"]
[WhiteElo "2227"]
[BlackElo "2394"]

1.d4 Nf6 2.c4 e6 3.Nc3 Bb4 4.Qc2 d5 5.cxd5 exd5 6.Bg5 c5 7.e3 cxd4 8.exd4 O-O
9.Nf3 Nc6 10.Be2 h6 11.Bh4 g5 12.Bg3 g4 13.O-O-O gxf3 14.gxf3 Kh8 15.Rhg1 Ng8
16.Bf4 Bxc3 17.bxc3 Qf6 18.Qd2 Bf5 19.Bb5 Rfe8 20.Rg3 Rac8 21.Kb2 a6 22.Bxc6
Qxc6 23.Rdg1 Bg6 24.Be5+ Kh7 25.h4 Nf6 26.Bxf6 {#R} 0-1